[Event "POLFINAL MISTRZOSTW POLSKI JUNIOROW 2017 - C15"]
[Site "Jastrzebia Gora"]
[Date "2017-11-19"]
[Round "5.7"]
[White "Sloniewski, Michal"]
[Black "Kucharski, Bartlomiej"]
[Result "1-0"]
[WhiteTitle "I"]
[BlackTitle "I"]
[WhiteElo "1694"]
[BlackElo "1946"]

1. d4 f5 2. Nf3 Nf6 3. c4 e6 4. g3 b6 5. Bg2 Bb7 6. O-O Be7 7. Nc3 O-O 8. Qc2 Ne4
9. Ne1 d5 10. cxd5 exd5 11. Bf4 Na6 12. Rd1 Bf6 13. Be3 Qe7 14. Nd3 Rfd8 15. Na4
Rac8 16. Rc1 g6 17. Rfd1 Nd6 18. b3 Nb5 19. Nf4 Qb4 20. Ne6 Rd6 21. Nf4 Nxd4 22.
Bxd4 Bxd4 23. e3 Bg7 24. Nxd5 Bxd5 25. Bxd5+ Kh8 26. Bb7 Rcd8 27. Bxa6 Rd2 28.
Rxd2 Rxd2 29. Qxc7 Bf6 30. Qb8+ Kg7 31. Qxa7+ Kh6 32. Qxb6 Qe7 33. Bc4 Qa3 34.
Rf1 Be7 35. Nc3 Bc5 36. Qc7 Bd6 37. Qc6 Be5 38. Nb1 Rd6 39. Nxa3 1-0

[Event "POLFINAL MISTRZOSTW POLSKI JUNIOROW 2017 - C15"]
[Site "Jastrzebia Gora"]
[Date "2017-11-19"]
[Round "5.8"]
[White "Golinski, Kacper"]
[Black "Strzelecki, Maciej"]
[Result "0-1"]
[WhiteTitle "II+"]
[BlackTitle "I"]
[WhiteElo "1633"]
[BlackElo "1929"]

1. e4 c5 2. Na3 Nc6 3. Bb5 g6 4. c3 Bg7 5. f4 d6 6. Nf3 Nf6 7. d3 O-O 8. O-O Bd7
9. Nc2 a6 10. Bxc6 Bxc6 11. Ne3 b5 12. Qe1 Rb8 13. Qh4 b4 14. c4 e6 15. g4 d5
16. cxd5 exd5 17. e5 Nd7 18. Qh3 Re8 19. g5 Nf8 20. Qg3 Bd7 21. h3 d4 22. Ng4
Bf5 23. Nf6+ Bxf6 24. gxf6 Qc8 25. Qg5 Bxh3 26. Kf2 Qg4 27. Rh1 Qxg5 28. Nxg5
Bf5 29. Rh6 Bg4 30. Bd2 b3 31. a3 Rb7 32. Rah1 Bh5 33. Rg1 Kh8 34. Ba5 Rd7 35.
Rc1 Rc8 36. Bb6 Kg8 37. Bxc5 Rdc7 38. Bxf8 Rxc1 39. Bg7 R8c2+ 40. Kg3 Rg1+ 41.
Kh4 Rh2+ 42. Nh3 Rg4# 0-1

[Event "POLFINAL MISTRZOSTW POLSKI JUNIOROW 2017 - C15"]
[Site "Jastrzebia Gora"]
[Date "2017-11-19"]
[Round "5.9"]
[White "Kulesza, Andrzej"]
[Black "Bojczewski, Mateusz"]
[Result "1-0"]
[WhiteTitle "I"]
[BlackTitle "II"]
[WhiteElo "1784"]
[BlackElo "1634"]

1. e4 c6 2. d4 d5 3. Nd2 dxe4 4. Nxe4 Bf5 5. Ng3 Bg6 6. h4 h6 7. Nf3 Nd7 8. h5
Bh7 9. Bd3 Bxd3 10. Qxd3 Ngf6 11. Bf4 e6 12. O-O-O Qb6 13. c4 O-O-O 14. Qe2 c5
15. Ne5 Nxe5 16. dxe5 Nd7 17. Ne4 Nb8 18. Rxd8+ Qxd8 19. Rd1 Qb6 20. b3 Be7 21.
Qg4 Rh7 22. Nf6 Bxf6 23. exf6 Qa5 24. Kb2 Rh8 25. fxg7 Rg8 26. Bxb8 Kxb8 27. Qf4+
Qc7 28. Qf6 a6 29. g4 b5 30. cxb5 axb5 31. g5 c4 32. gxh6 cxb3 33. Qc3 Qa7 34.
axb3 Qxf2+ 35. Rd2 Qf5 36. Rc2 f6 37. Qc6 Qxh5 38. Qd6+ 1-0

[Event "POLFINAL MISTRZOSTW POLSKI JUNIOROW 2017 - C15"]
[Site "Jastrzebia Gora"]
[Date "2017-11-19"]
[Round "5.10"]
[White "Chaczynski, Kamil"]
[Black "Grochol, Kamil"]
[Result "1-0"]
[WhiteTitle "I"]
[BlackTitle "I"]
[WhiteElo "1649"]
[BlackElo "1739"]

1. e4 c5 2. Nf3 Nc6 3. d4 cxd4 4. Nxd4 e5 5. Nb5 d6 6. c4 Be7 7. Be2 f5 8. exf5
Bxf5 9. Be3 Nf6 10. N1c3 a6 11. Na3 Rc8 12. O-O O-O 13. Nc2 Qd7 14. Qd2 Ng4 15.
Nd5 Nxe3 16. Ncxe3 Bd8 17. f4 Be6 18. fxe5 Rxf1+ 19. Rxf1 Nxe5 20. Qd4 a5 21.
Qf4 Ng6 22. Qe4 Rc5 23. Bh5 Ne5 24. Qf4 Bf7 25. b3 h6 26. Bxf7+ Qxf7 27. Qe4 Qd7
28. Nf5 b5 29. cxb5 Rxb5 30. Nd4 Rb8 31. Nf4 Bb6 32. Kh1 Rf8 33. Nde6 Re8 34.
Qd5 Kh7 35. Rd1 Nf7 36. h3 Kg8 37. Re1 Re7 38. Nh5 Qb7 39. Qf5 Qc8 40. Nf6+ 1-0

[Event "POLFINAL MISTRZOSTW POLSKI JUNIOROW 2017 - C15"]
[Site "Jastrzebia Gora"]
[Date "2017-11-19"]
[Round "5.11"]
[White "Kopec, Norbert"]
[Black "Skowron, Mateusz"]
[Result "1-0"]
[WhiteTitle "II+"]
[BlackTitle "I"]
[WhiteElo "1706"]
[BlackElo "1616"]

1. e4 c6 2. Nc3 d5 3. Qf3 Nf6 4. e5 Nfd7 5. d4 e6 6. Qg3 Qb6 7. Nf3 c5 8. dxc5
Nxc5 9. Bd3 Nc6 10. O-O Bd7 11. Be3 Nb4 12. Rab1 Qc7 13. Rfd1 a6 14. Rbc1 h6 15.
a3 Ncxd3 16. cxd3 Nc6 17. b4 g6 18. b5 axb5 19. Nxb5 Qa5 20. Nd6+ Bxd6 21. exd6
Qxa3 22. Nd4 Qa4 23. Nxc6 Bxc6 24. Qe5 Rh7 25. Ra1 Kd7 26. Rxa4 Rxa4 27. Qf6 Kc8
28. Qe7 Bd7 29. Qf8+ Be8 30. Qxe8# 1-0

[Event "POLFINAL MISTRZOSTW POLSKI JUNIOROW 2017 - C15"]
[Site "Jastrzebia Gora"]
[Date "2017-11-19"]
[Round "5.12"]
[White "Markiewicz, Krzysztof"]
[Black "Wierzbicki, Michal"]
[Result "0-1"]
[WhiteTitle "II"]
[BlackTitle "I"]
[WhiteElo "1566"]
[BlackElo "1894"]

1. e4 e6 2. Qe2 c5 3. Nf3 Nc6 4. g3 Be7 5. Bg2 Nf6 6. O-O d5 7. d3 Qc7 8. Re1 b6
9. exd5 Nxd5 10. c4 Nf6 11. Na3 Bb7 12. Bf4 Qd7 13. Nb5 O-O 14. Ne5 Nxe5 15. Bxb7
Qxb7 16. Bxe5 Rad8 17. Rad1 a6 18. Na3 Nd7 19. Bc3 b5 20. Nc2 b4 21. Bd2 Bf6 22.
b3 Ne5 23. Qe4 Nf3+ 24. Kh1 Qxe4 25. Rxe4 Rxd3 26. Re2 Rfd8 27. Kg2 Nxd2 28. Ne1
R3d6 29. Rc1 a5 30. Nc2 Bb2 31. Rce1 Bc3 32. Ne3 h6 33. Rd1 Nxc4 34. Rxd6 Nxe3+
35. Rxe3 Rxd6 36. a3 Bd2 37. Re5 bxa3 38. Rxc5 a2 0-1

[Event "POLFINAL MISTRZOSTW POLSKI JUNIOROW 2017 - C15"]
[Site "Jastrzebia Gora"]
[Date "2017-11-19"]
[Round "5.13"]
[White "Maciejewski, Kamil"]
[Black "Distel, Pawel"]
[Result "0-1"]
[WhiteTitle "I"]
[BlackTitle "II+"]
[WhiteElo "1778"]
[BlackElo "1573"]

1. Nf3 Nf6 2. g3 g6 3. b3 Bg7 4. Bb2 b6 5. Bg2 Bb7 6. O-O O-O 7. c4 d6 8. d4 Nbd7
9. d5 e5 10. dxe6 fxe6 11. Nd4 Bxg2 12. Nxe6 Qe7 13. Nxf8 Bxf1 14. Nxd7 Qxd7 15.
Qxf1 Ne4 16. Qc1 Qf5 17. f3 Qc5+ 18. Kh1 Nf2+ 19. Kg2 Bxb2 20. Qxb2 Nd1 21. Qd2
Qf2+ 22. Kh3 Ne3 23. g4 g5 24. Qd5+ Nxd5 0-1

[Event "POLFINAL MISTRZOSTW POLSKI JUNIOROW 2017 - C15"]
[Site "Jastrzebia Gora"]
[Date "2017-11-19"]
[Round "5.14"]
[White "Rogala, Milosz"]
[Black "Brzozowski, Pawel"]
[Result "1-0"]
[WhiteTitle "II"]
[BlackTitle "II+"]
[WhiteElo "1750"]
[BlackElo "1521"]

1. e4 e6 2. d4 d5 3. Nd2 Nf6 4. e5 Nfd7 5. Bd3 c5 6. c3 Nc6 7. Ne2 Qb6 8. Nf3 cxd4
9. cxd4 f6 10. exf6 Nxf6 11. O-O Bd6 12. Rb1 Nb4 13. Bf4 Bd7 14. Bxd6 Qxd6 15.
Nc3 O-O 16. Ne5 Rac8 17. Re1 Nxd3 18. Qxd3 Rfe8 19. Re3 Rc7 20. Rh3 Rf8 21. Re1
Be8 22. Rhe3 Nd7 23. Rf1 Nxe5 24. Rxe5 Rcf7 25. Qe2 Rf6 26. Nxd5 Rh6 27. Nc3 Bd7
28. h3 Rf4 29. Re4 Rhh4 30. g3 e5 31. Rxf4 exf4 32. gxh4 Qg6+ 33. Kh2 Qf5 34.
Qf3 Bc6 35. d5 1-0

[Event "POLFINAL MISTRZOSTW POLSKI JUNIOROW 2017 - C15"]
[Site "Jastrzebia Gora"]
[Date "2017-11-19"]
[Round "5.15"]
[White "Dytman, Radoslaw"]
[Black "Zareba, Maciej"]
[Result "0-1"]
[WhiteTitle "I"]
[BlackTitle "II+"]
[WhiteElo "1708"]
[BlackElo "1517"]

1. e4 e6 2. d4 d5 3. exd5 exd5 4. Bd3 Bd6 5. Nf3 Ne7 6. O-O Nbc6 7. c3 Bg4 8. Be3
Qd7 9. Nbd2 f6 10. b4 O-O 11. Qc2 Bf5 12. Rfe1 Bxd3 13. Qxd3 Qf5 14. Qxf5 Nxf5
15. g4 Nxe3 16. fxe3 f5 17. gxf5 Rxf5 18. e4 dxe4 19. Rxe4 Raf8 20. Kg2 Ne7 21.
Rae1 Nd5 22. Rc1 Bf4 23. Kh1 Bxd2 24. Nxd2 Rf2 25. Nb3 Rxa2 26. Re5 Nxc3 27. Nc5
Rff2 28. Rce1 h6 29. Rh5 Ne2 30. Ne6 Nf4 31. Nxf4 Rxf4 32. Rg1 Kh7 33. Rd1 Rb2
34. b5 Rb4 35. d5 Rxb5 36. d6 Rxh5 37. d7 Rf8 38. d8=Q Rxd8 39. Rxd8 Rc5 40. Rb8
b6 41. h4 Rc4 0-1

[Event "POLFINAL MISTRZOSTW POLSKI JUNIOROW 2017 - C15"]
[Site "Jastrzebia Gora"]
[Date "2017-11-19"]
[Round "5.17"]
[White "Cisek, Kamil"]
[Black "Seredyn, Dominik"]
[Result "1-0"]
[WhiteTitle "I"]
[BlackTitle "II"]
[WhiteElo "1562"]
[BlackElo "1472"]

1. d4 Nf6 2. c4 e6 3. Nc3 c5 4. d5 exd5 5. cxd5 d6 6. e4 g6 7. Bd3 Bg7 8. Nf3 Bg4
9. O-O O-O 10. h3 Bxf3 11. Qxf3 Re8 12. Bb5 Nbd7 13. Bg5 Re7 14. Bxd7 Rxd7 15.
e5 dxe5 16. Ne4 Rd6 17. Rfd1 h6 18. Bxf6 Bxf6 19. Nxd6 Qxd6 20. Rac1 b6 21. b4
Rc8 22. Qa3 Rc7 23. bxc5 bxc5 24. Rb1 Kg7 25. Rb5 Be7 26. Ra5 Qb6 27. d6 Rd7 28.
dxe7 Rxd1+ 29. Kh2 Qe6 30. Qxc5 f6 31. Rxa7 Kf7 32. Qb5 Qxe7 33. Qb3+ 1-0

[Event "POLFINAL MISTRZOSTW POLSKI JUNIOROW 2017 - C15"]
[Site "Jastrzebia Gora"]
[Date "2017-11-19"]
[Round "5.18"]
[White "Zurawicki, Jakub"]
[Black "Marciniak, Leonard"]
[Result "0-1"]
[WhiteTitle "II+"]
[BlackTitle "II"]
[WhiteElo "1541"]
[BlackElo "1420"]

1. d4 d5 2. c4 e6 3. Nc3 Nf6 4. cxd5 exd5 5. Bg5 c6 6. Nf3 Bd6 7. e3 O-O 8. Bd3
Re8 9. O-O h6 10. Bh4 Nbd7 11. Bf5 Nf8 12. Bxc8 Rxc8 13. Rc1 Ng6 14. Bg3 Bxg3
15. hxg3 Ne4 16. Qb3 Qd7 17. Ne2 Re7 18. Nf4 Nxf4 19. gxf4 f6 20. Rc2 Rce8 21.
Nd2 Nxd2 22. Rxd2 Kh8 23. Rc1 Qg4 24. Qd1 Qg6 25. Rc3 f5 26. Ra3 a6 27. Rdd3 h5
28. Rdb3 h4 29. Qf3 Kg8 30. Rb6 Qf7 31. Rab3 g6 32. Qh3 Qh7 33. g3 Qh5 34. gxh4
Qh7 35. Qg3 Kf8 36. Qg5 Rf7 37. Rc3 Ree7 38. Kg2 Qh8 39. Rc1 Rh7 40. Rh1 Rh5 41.
Qg3 Qf6 42. Kf1 Ke8 43. Rg1 Kf7 44. Rh1 Qe6 45. Rg1 Qf6 46. Rh1 Qe6 47. Qf3 Qf6
48. Qg3 Qe6 49. Ke2 Qd7 50. Rg1 Re6 51. Rc1 Qc7 52. Rb4 Qe7 53. Rb6 Qc7 54. Rb3
b5 55. Rbc3 Qb7 56. b4 Ke7 57. Rc5 Kd7 58. Rg1 Qc8 59. Rgc1 Qh8 60. Rh1 Qxd4 61.
Rb1 Qf6 62. a3 Rxh4 63. Rbc1 Qh8 64. R1c2 Rh1 65. Qf3 Qa1 66. Rd2 Qf1# 0-1

[Event "POLFINAL MISTRZOSTW POLSKI JUNIOROW 2017 - C15"]
[Site "Jastrzebia Gora"]
[Date "2017-11-19"]
[Round "5.19"]
[White "Zlotek, Mikolaj"]
[Black "Socha, Kamil"]
[Result "0-1"]
[WhiteTitle "II"]
[BlackTitle "II"]
[WhiteElo "1463"]
[BlackElo "1526"]

1. e4 e5 2. Nf3 Nf6 3. Nxe5 d6 4. Nf3 Nxe4 5. d4 d5 6. Bd3 Bd6 7. O-O O-O 8. Re1
Re8 9. c4 c6 10. cxd5 cxd5 11. Nc3 Nxc3 12. bxc3 Rxe1+ 13. Qxe1 h6 14. Bb2 Be6
15. Rc1 Qc7 16. Qe2 Nd7 17. c4 dxc4 18. Bxc4 Bxc4 19. Qxc4 Qxc4 20. Rxc4 Nb6 21.
Rc2 Rd8 22. h3 f6 23. Nd2 Nd5 24. a3 Bc7 25. Nf1 Bb6 26. Ne3 Nf4 27. Rd2 Kf7 28.
Kh2 Ne6 29. Nc2 Bc7+ 30. Kg1 Bd6 31. Kf1 a5 32. g3 b5 33. Ke2 Nc7 34. Ne3 b4 35.
axb4 Bxb4 36. Rc2 Nb5 37. Kd3 Ra8 38. Nd5 Bf8 39. Nc3 Nxc3 40. Rxc3 Ke6 41. Ba3
Bxa3 42. Rxa3 Kd5 43. f4 f5 44. h4 h5 45. Ra4 Ra6 46. Ra3 a4 47. Kc3 Rc6+ 48.
Kd3 Rc4 0-1

[Event "POLFINAL MISTRZOSTW POLSKI JUNIOROW 2017 - C15"]
[Site "Jastrzebia Gora"]
[Date "2017-11-19"]
[Round "5.20"]
[White "Gazda, Dominik"]
[Black "Wilgosz, Jan"]
[Result "1-0"]
[WhiteTitle "II+"]
[BlackTitle "II"]
[WhiteElo "1512"]
[BlackElo "1144"]

1. e4 e5 2. Nf3 Nc6 3. Bc4 Nf6 4. Ng5 d5 5. exd5 Na5 6. Bb5+ Bd7 7. Bxd7+ Qxd7
8. O-O Nxd5 9. d4 f6 10. Nf3 exd4 11. Re1+ Be7 12. Nxd4 O-O-O 13. Ne6 Rdg8 14.
Nd2 h5 15. c4 Nb4 16. a3 Nd3 17. Re3 Nc6 18. Nf3 Nxc1 19. Rxc1 Qxd1+ 20. Rxd1
Nd8 21. Nfd4 Nxe6 22. Nxe6 g5 23. b4 Bd6 24. c5 Be5 25. Kf1 Bxh2 26. g3 h4 27.
Kg2 hxg3 28. fxg3 f5 29. Red3 f4 30. Rd7 c6 31. Rc7+ Kb8 32. Rdd7 Ka8 33. Rxb7
Bxg3 34. Rxa7+ Kb8 35. Nd4 Rh2+ 36. Kf3 g4+ 37. Ke4 Re8+ 38. Kd3 Re3+ 39. Kc4
Rh1 40. Nxc6+ Kc8 41. Rac7# 1-0

[Event "POLFINAL MISTRZOSTW POLSKI JUNIOROW 2017 - C15"]
[Site "Jastrzebia Gora"]
[Date "2017-11-19"]
[Round "5.21"]
[White "Ugrewicz, Ludwik"]
[Black "Kinczewski, Franciszek"]
[Result "1-0"]
[WhiteTitle "II"]
[BlackTitle "II"]
[WhiteElo "1429"]
[BlackElo "1448"]

1. e4 e5 2. Nf3 Nc6 3. Bc4 Bc5 4. c3 d6 5. d4 exd4 6. cxd4 Bb4+ 7. Nc3 Bg4 8. O-O
Qd7 9. a3 Bxc3 10. bxc3 Nge7 11. Qd3 Na5 12. Ba2 O-O 13. h3 Bh5 14. Nd2 Bg6 15.
Qg3 d5 16. exd5 Nxd5 17. Bb1 Bxb1 18. Rxb1 Qc6 19. c4 Ne7 20. d5 Qc5 21. Rb5 Qd6
22. Qxd6 cxd6 23. Rxa5 a6 24. Ra4 a5 25. Re1 Ng6 26. c5 dxc5 27. Rae4 Rfd8 28.
Nf3 Rxd5 29. Re8+ Rxe8 30. Rxe8+ Nf8 31. Be3 b5 32. Rc8 h6 33. Bxc5 b4 34. Rxf8+
Kh7 35. axb4 axb4 36. Bxb4 f6 37. Rf7 Kg6 38. Rc7 Rd8 39. g3 f5 40. Nh4+ Kh5 41.
Rxg7 f4 42. g4+ Kxh4 43. Be7+ Kxh3 44. Bxd8 f3 45. Rh7 Kxg4 46. Rxh6 Kf4 47. Rh4+
1-0

[Event "POLFINAL MISTRZOSTW POLSKI JUNIOROW 2017 - C15"]
[Site "Jastrzebia Gora"]
[Date "2017-11-19"]
[Round "5.22"]
[White "Jankowski, Igor"]
[Black "Sapinski, Sebastian"]
[Result "1-0"]
[WhiteTitle "II"]
[BlackTitle "II"]
[WhiteElo "1409"]
[BlackElo "1361"]

1. d4 Nf6 2. Bg5 e6 3. e4 h6 4. Bxf6 Qxf6 5. Nf3 b6 6. Bd3 Bb7 7. Nbd2 d6 8. O-O
Nd7 9. Qe2 e5 10. c3 Be7 11. Nb3 O-O 12. g3 Qg6 13. Nfd2 Bg5 14. Nc4 Rae8 15.
d5 c6 16. Nbd2 Nc5 17. Bc2 cxd5 18. exd5 Qxc2 19. b4 Nd7 20. Nxd6 Qxd2 21. Qxd2
Bxd2 22. Nxe8 Rxe8 23. Rfd1 Bxc3 24. Rac1 Bxb4 25. Rc7 Nc5 26. d6 Rd8 27. d7 Ba6
28. Rxa7 Be2 29. Rd5 Bg4 30. Rxe5 Rxd7 31. Rxd7 Bxd7 32. Rd5 Be6 33. Rd4 Ba5 34.
a3 Bc3 35. Rd6 b5 36. Rc6 Na4 37. Rc7 Bb2 38. Rb7 Bc4 39. f3 Bxa3 40. Kg2 b4 41.
Ra7 Nc3 42. Rc7 Be6 43. g4 Na2 44. Ra7 Bc1 45. h4 b3 46. g5 hxg5 47. hxg5 b2 48.
g6 b1=Q 49. Ra8+ 1-0

[Event "POLFINAL MISTRZOSTW POLSKI JUNIOROW 2017 - C15"]
[Site "Jastrzebia Gora"]
[Date "2017-11-19"]
[Round "5.23"]
[White "Kutylo, Konrad"]
[Black "Sandomierski, Cyprian"]
[Result "1/2-1/2"]
[WhiteTitle "II"]
[BlackTitle "II"]
[WhiteElo "1405"]
[BlackElo "1257"]

1. d4 d5 2. c4 e6 3. Nc3 Nf6 4. Nf3 b6 5. e3 Bb7 6. Bd3 dxc4 7. Bxc4 c5 8. O-O
Be7 9. b3 O-O 10. Bb2 Na6 11. Qe2 Nc7 12. Rfd1 Ncd5 13. Rac1 Nxc3 14. Bxc3 Qc7
15. dxc5 Bxc5 16. Bxf6 gxf6 17. Bb5 Bxf3 18. Qxf3 Qe5 19. Qg3+ Qxg3 20. hxg3 Rfd8
21. Kf1 Kf8 22. Ke2 Ke7 23. Rh1 Rh8 24. Rh6 Rag8 25. Rch1 Rg7 26. Bd3 f5 27. Kf3
Rd8 28. Ke2 Rh8 29. e4 fxe4 30. Bxe4 Rg4 31. Bd3 Rg7 32. Rxh7 Rhxh7 33. Rxh7 Kf8
34. Rh4 Ke7 35. Rc4 a5 36. Rc2 Rg8 37. Kf3 f5 38. Bc4 Kf6 39. g4 e5 40. gxf5 Kxf5
41. Bd3+ Kg5 42. Ke4 Rd8 43. Bc4 Bd4 44. Rd2 Rf8 45. f3 Rf4+ 46. Kd5 Kh4 47. Bd3
Kg3 48. Be4 Bc3 49. Rc2 Bd4 50. a4 Ba1 51. Kc4 Bd4 52. Kb5 Bf2 53. Kc6 Bd4 54.
Kd5 Rf8 55. Kd6 1/2-1/2

[Event "POLFINAL MISTRZOSTW POLSKI JUNIOROW 2017 - C15"]
[Site "Jastrzebia Gora"]
[Date "2017-11-19"]
[Round "5.24"]
[White "Swiatek, Mateusz"]
[Black "Jaszczuk, Mateusz"]
[Result "1-0"]
[WhiteTitle "II"]
[BlackTitle "II+"]
[WhiteElo "1190"]
[BlackElo "1389"]

1. e4 c5 2. Nf3 a6 3. d4 cxd4 4. Nxd4 e5 5. Nb3 Nc6 6. Be3 Nf6 7. f3 d5 8. exd5
Nxd5 9. Bf2 Be6 10. c3 Nf4 11. Qxd8+ Rxd8 12. N1d2 Be7 13. O-O-O O-O 14. g3 Nd3+
15. Bxd3 Rxd3 16. Rhe1 Rfd8 17. Re3 Bf5 18. Rxd3 Rxd3 19. Nc5 Bxc5 20. Bxc5 f6
21. Rf1 Kf7 22. f4 Kg6 23. fxe5 fxe5 24. Re1 b5 25. Nb3 Kf6 26. Rf1 Kg5 27. Bf8
Rd7 28. Bc5 g6 29. Be3+ Kg4 30. Nc5 Rd5 31. Nxa6 Rd3 32. Bd2 Rf3 33. Rxf3 Kxf3
34. Be1 Ke2 35. Bd2 e4 36. Bf4 e3 37. Nc7 Ne5 38. Bxe5 Kf1 39. Bf4 e2 40. Bd2
1-0

[Event "POLFINAL MISTRZOSTW POLSKI JUNIOROW 2017 - C15"]
[Site "Jastrzebia Gora"]
[Date "2017-11-19"]
[Round "5.25"]
[White "Dziodko, Mateusz"]
[Black "Lesniak, Kacper"]
[Result "1/2-1/2"]
[WhiteTitle "II"]
[BlackTitle "II"]
[WhiteElo "1075"]
[BlackElo "1350"]

1. e4 e6 2. Nf3 d5 3. exd5 exd5 4. d4 Nf6 5. Bg5 Be7 6. c3 h6 7. Bxf6 Bxf6 8. Bd3
c6 9. Qe2+ Be6 10. O-O O-O 11. Nbd2 Re8 12. Qd1 Bg5 13. Re1 Qf6 14. Nxg5 Qxg5
15. Nf3 Qd8 16. Re3 Nd7 17. Qe2 Nf6 18. h3 Qd7 19. Ne5 Qc8 20. Qd2 Bf5 21. Rae1
Bxd3 22. Nxd3 Ne4 23. Qe2 Qd7 24. f3 Nf6 25. Rxe8+ Rxe8 26. Qf2 Re6 27. Nc5 Rxe1+
28. Qxe1 Qc7 29. Qe5 Qb6 30. Qb8+ Kh7 31. Qxb7 Qa5 32. a3 Qb6 33. b4 Qd8 34. Qxf7
Qd6 35. Ne6 Qg3 36. Qe7 Nh5 37. Qf7 Qe1+ 38. Kh2 Qg3+ 39. Kg1 Qe1+ 40. Kh2 Qg3+
41. Kg1 Qe1+ 42. Kh2 Qg3+ 43. Kg1 1/2-1/2

[Event "POLFINAL MISTRZOSTW POLSKI JUNIOROW 2017 - C15"]
[Site "Jastrzebia Gora"]
[Date "2017-11-19"]
[Round "6.1"]
[White "Iwanczuk, Krzysztof"]
[Black "Ossolinski, Ziemowit"]
[Result "1/2-1/2"]
[WhiteTitle "II"]
[BlackTitle "I"]
[WhiteElo "1408"]
[BlackElo "1865"]

1. d4 Nf6 2. Bf4 d5 3. e3 e6 4. Nf3 c5 5. c3 Be7 6. Nbd2 O-O 7. Bd3 b6 8. Ne5 Bb7
9. Qf3 Nbd7 10. h4 cxd4 11. exd4 h5 12. Bg5 Nxe5 13. dxe5 Ng4 14. Qf4 f6 15. exf6
Bxf6 16. f3 Ne5 17. Bc2 Ba6 18. Qxe5 Bxe5 19. Bxd8 Bg3+ 20. Kd1 Raxd8 21. Bg6
d4 22. c4 Bf4 23. Bxh5 Bxd2 24. Kxd2 Bxc4 25. Rac1 Rc8 26. Bg6 a5 27. a3 b5 28.
b4 Ra8 29. Ra1 Ra7 30. Be4 Rd8 31. Rhc1 Rd6 1/2-1/2

[Event "POLFINAL MISTRZOSTW POLSKI JUNIOROW 2017 - C15"]
[Site "Jastrzebia Gora"]
[Date "2017-11-19"]
[Round "6.2"]
[White "Kukorowski, Jan"]
[Black "Posluszny, Tomasz"]
[Result "1/2-1/2"]
[WhiteTitle "I"]
[BlackTitle "I"]
[WhiteElo "1797"]
[BlackElo "1655"]

1. e4 c5 2. Nf3 e6 3. d4 cxd4 4. Nxd4 Nf6 5. Nc3 Nc6 6. Ndb5 Bb4 7. a3 Bxc3+ 8.
Nxc3 d5 9. exd5 exd5 10. Bd3 d4 11. Ne2 O-O 12. O-O Bg4 13. f3 Bh5 14. Nf4 Re8
15. Nxh5 Nxh5 16. f4 Nf6 17. Qf3 Nd5 18. Bd2 Ne3 19. Rfe1 Qb6 20. b3 Re7 21. Be4
Rae8 22. Bxc6 bxc6 23. Bxe3 Rxe3 24. Rxe3 Rxe3 25. Qf2 d3 26. cxd3 Rxd3 27. Qxb6
axb6 28. Rb1 Kf8 29. Rb2 Ke7 30. Kf2 Kd6 1/2-1/2

[Event "POLFINAL MISTRZOSTW POLSKI JUNIOROW 2017 - C15"]
[Site "Jastrzebia Gora"]
[Date "2017-11-19"]
[Round "6.3"]
[White "Warchol, Bartosz"]
[Black "Kulesza, Andrzej"]
[Result "1-0"]
[WhiteTitle "I++"]
[BlackTitle "I"]
[WhiteElo "1963"]
[BlackElo "1784"]

1. d4 Nf6 2. c4 e6 3. Nf3 d5 4. g3 a6 5. Nbd2 Bb4 6. Qc2 O-O 7. Bg2 Ne4 8. O-O
f5 9. Rd1 Nc6 10. Nxe4 fxe4 11. Ne5 Qf6 12. Be3 Bd6 13. f4 exf3 14. Nxf3 Ne7 15.
c5 Nf5 16. Bg5 Qf7 17. cxd6 cxd6 18. g4 Ne7 19. Qc7 Nc6 20. Qxf7+ Rxf7 21. Bh4
h6 22. Bg3 Rd7 23. Rac1 Na5 24. b3 b5 25. Rc2 Bb7 26. Rdc1 Kh7 27. Be1 Nc6 28.
Rxc6 Bxc6 29. Rxc6 e5 30. dxe5 dxe5 31. Nxe5 Re7 32. Bg3 a5 33. Bxd5 Rd8 34. e4
a4 35. bxa4 bxa4 36. Ra6 Rb8 37. Rxa4 Rb2 38. Ra8 g5 39. Nc4 Rc2 40. Be5 h5 41.
Bg8+ Kg6 42. Ra6+ Re6 43. Rxe6# 1-0

[Event "POLFINAL MISTRZOSTW POLSKI JUNIOROW 2017 - C15"]
[Site "Jastrzebia Gora"]
[Date "2017-11-19"]
[Round "6.4"]
[White "Strzelecki, Maciej"]
[Black "Kopec, Norbert"]
[Result "1-0"]
[WhiteTitle "I"]
[BlackTitle "II+"]
[WhiteElo "1929"]
[BlackElo "1706"]

1. e4 c5 2. Nf3 d6 3. d4 cxd4 4. Nxd4 Nf6 5. Nc3 g6 6. Be3 Bg7 7. f3 O-O 8. Qd2
Nc6 9. g4 Bd7 10. O-O-O Rc8 11. h4 Ne5 12. h5 Qa5 13. hxg6 fxg6 14. Nb3 Qc7 15.
Be2 Be6 16. Bh6 Bxh6 17. Qxh6 Bc4 18. Bxc4+ Qxc4 19. Nd4 Rf7 20. Qg5 b5 21. f4
Nxe4 22. Nxe4 Nf3 23. Nd2 Qxd4 24. Nxf3 Qe3+ 25. Nd2 Qd3 26. c3 Rxc3+ 27. bxc3
Qxc3+ 28. Kb1 Qd3+ 29. Kb2 Qd4+ 30. Kc2 Qa4+ 31. Kd3 e5 32. Qd8+ Kg7 33. Rxh7+
1-0

[Event "POLFINAL MISTRZOSTW POLSKI JUNIOROW 2017 - C15"]
[Site "Jastrzebia Gora"]
[Date "2017-11-19"]
[Round "6.5"]
[White "Sloniewski, Michal"]
[Black "Dzwierzynski, Bartosz"]
[Result "0-1"]
[WhiteTitle "I"]
[BlackTitle "I"]
[WhiteElo "1694"]
[BlackElo "1851"]

1. d4 Nf6 2. c4 g6 3. Nc3 d5 4. Qb3 dxc4 5. Qxc4 Bg7 6. e4 a6 7. Nf3 b5 8. Qb3
O-O 9. Be2 Bb7 10. e5 Nd5 11. Nxd5 Qxd5 12. Qxd5 Bxd5 13. Bg5 f6 14. exf6 exf6
15. Bf4 Re8 16. Kd2 Nc6 17. Rac1 Rad8 18. Be3 f5 19. Rhd1 f4 20. Bxf4 Bxf3 21.
gxf3 Nxd4 22. Be3 Nb3+ 23. Kc2 Nxc1 24. Rxc1 Bd4 25. Bxd4 Rxd4 26. Bd3 c5 27.
b3 Red8 28. Be4 c4 29. Kc3 Kg7 30. a4 cxb3 31. axb5 axb5 32. Kxb3 Rd2 33. h4 Rxf2
34. Rc7+ Kh6 35. Rb7 Rh2 36. Rxb5 Rxh4 37. Kc3 Rh5 38. Rb7 Rc5+ 39. Kb4 Rc1 40.
Kb3 Rf8 41. Kb4 Rf1 42. Kc3 R1xf3+ 43. Bxf3 Rxf3+ 44. Kd2 Rf8 0-1

[Event "POLFINAL MISTRZOSTW POLSKI JUNIOROW 2017 - C15"]
[Site "Jastrzebia Gora"]
[Date "2017-11-19"]
[Round "6.6"]
[White "Golecki, Jan"]
[Black "Chaczynski, Kamil"]
[Result "1/2-1/2"]
[WhiteTitle "I++"]
[BlackTitle "I"]
[WhiteElo "1796"]
[BlackElo "1649"]

1. e4 e6 2. d4 d5 3. Nd2 Nf6 4. e5 Nfd7 5. c3 c5 6. Bd3 Nc6 7. Ne2 cxd4 8. cxd4
f6 9. exf6 Nxf6 10. Nf3 Bd6 11. O-O O-O 12. Bf4 Nh5 13. Bxd6 Qxd6 14. Qc2 h6 15.
a3 Nf4 16. Bb5 Bd7 17. Bxc6 Bxc6 18. Nxf4 Rxf4 19. Rfe1 Raf8 20. Re3 Re4 21. Rae1
Rff4 22. Qd2 Rxe3 23. Rxe3 Re4 24. Rxe4 dxe4 25. Ne5 Bb5 26. Qc3 Kh7 27. Qc5 Qd5
28. Qxd5 exd5 29. Ng4 Kg6 30. Ne3 Bc4 31. g3 Kf6 32. Kg2 Ke6 33. f3 exf3+ 34.
Kxf3 Bd3 35. h4 a6 36. Kf4 Be4 37. g4 g6 38. Nd1 Bc2 39. Nc3 Bb3 40. Ke3 b6 41.
Kf4 Kf6 42. g5+ Ke6 1/2-1/2

[Event "POLFINAL MISTRZOSTW POLSKI JUNIOROW 2017 - C15"]
[Site "Jastrzebia Gora"]
[Date "2017-11-19"]
[Round "6.8"]
[White "Pelka, Michal"]
[Black "Wierzbicki, Michal"]
[Result "0-1"]
[WhiteTitle "I"]
[BlackTitle "I"]
[WhiteElo "1693"]
[BlackElo "1894"]

1. e4 e6 2. Nf3 d5 3. e5 c5 4. b4 cxb4 5. d4 Bd7 6. Bd3 Nc6 7. a3 a6 8. O-O Qb6
9. Be3 Rc8 10. a4 Be7 11. Nbd2 f5 12. exf6 Nxf6 13. Nb3 Qc7 14. h3 O-O 15. Re1
Bd6 16. a5 Rce8 17. Ra2 e5 18. dxe5 Nxe5 19. Nxe5 Bxe5 20. Nd4 Bf4 21. Qd2 Bxe3
22. Rxe3 Rxe3 23. Qxe3 Re8 24. Qd2 Ne4 25. Bxe4 Rxe4 26. Ra1 Qc3 27. Qxc3 bxc3
28. Rd1 Ba4 29. f3 Re7 30. Kf2 Kf7 31. Ra1 Bb5 32. Nxb5 axb5 33. Rb1 Ke6 34. Rxb5
Kd6 35. a6 bxa6 36. Rb6+ Kc5 37. Rxa6 d4 38. Ra8 d3 39. cxd3 Kb4 40. Rc8 Kb3 41.
d4 Kc2 42. Rd8 Kd2 43. d5 c2 44. d6 Re2+ 0-1

[Event "POLFINAL MISTRZOSTW POLSKI JUNIOROW 2017 - C15"]
[Site "Jastrzebia Gora"]
[Date "2017-11-19"]
[Round "6.9"]
[White "Piekielny, Pawel"]
[Black "Rogala, Milosz"]
[Result "1/2-1/2"]
[WhiteTitle "I"]
[BlackTitle "II"]
[WhiteElo "1805"]
[BlackElo "1750"]

1. e4 c6 2. d4 d5 3. Nc3 dxe4 4. Nxe4 Nd7 5. Ng5 Ngf6 6. Bd3 e6 7. N1f3 Bd6 8.
Qe2 h6 9. Ne4 Nxe4 10. Qxe4 Qc7 11. Bd2 b6 12. O-O-O Bb7 13. c4 O-O-O 14. Bc3
Nf6 15. Qe2 c5 16. Kb1 Rhe8 17. Rhe1 Re7 18. Bc2 cxd4 19. Nxd4 a6 20. g3 Bc5 21.
Nb3 Bd6 22. f4 Red7 23. Nd2 Qc6 24. Nb3 Qf3 25. Nd4 Qxe2 26. Rxe2 Bc5 27. Red2
Ne4 28. Bxe4 Bxe4+ 29. Ka1 g6 30. b3 Bxd4 31. Rxd4 Rxd4 32. Rxd4 Rxd4 33. Bxd4
Kb7 34. a4 Kc6 35. Bg7 h5 36. h4 b5 37. cxb5+ axb5 38. axb5+ Kxb5 39. Kb2 e5 40.
fxe5 Bd5 41. Kc3 Be6 42. Bf8 Bd5 43. b4 Be6 44. Kd4 Ba2 45. Ke4 Be6 46. Kf4 Ba2
47. g4 hxg4 48. Kxg4 Be6+ 49. Kg5 Ba2 50. h5 gxh5 51. Kxh5 1/2-1/2